000 00740nam a2200217 4500
001 135873
003 ES-MaACL
005 20230906194958.0
007 t|
008 070214s1944 sp r ||||1| spa d
100 1 _aRuiz Castro, Aurelio.
_9100707
245 1 0 _aEnfermedades de la vid /
_cpor Aurelio Ruiz Castro.
260 _aMadrid :
_b[s. n.],
_c1944 (
_fGráf. Uguina)
300 _a252 p. :
_bil. ;
_c15 cm.
490 1 _aSección de publicaciones, prensa y propaganda
500 _aPrecede al tít.: Ministerio de Agricultura.
710 1 _aEspaña.
_bMinisterio de Agricultura.
_93837
830 0 _aSección de publicaciones, prensa y propaganda
_9180914
852 _aES-MaACL
_jD-6712
_bR.29752
999 _c135873
_d135873